00580cam a2200169 a 45000010005000000030009000050050017000140080041000310400028000720820018001002450113001182600047002313000024002784900055003026500033003577100020003902802BD-DhUAP20210104101959.0210104s1990 wau 000 1 eng  aDLCcDLCdBD-DhUAPbeng a338.95492 BAN12aBangladesh :bpoverty and public expenditures : an evaluation of the impact of selected government programs. aWashington D.C. :bThe World Bank,cc1990. a229 pages ;c28 cm. aDocument of the World Bank ; vReport no. 7946-BD. aEconomic policyzBangladesh. aThe World Bank.